Ninho - La vie qu'on mène - Statistiques

Statistiques générales
  • Ce quiz a été pris 2 751 fois
  • Le résultat moyen est 218 sur 406
Statistiques - réponses
Hint Réponse % Correct
a
92%
À
92%
à
92%
la
92%
92%
me
90%
vie
90%
ne
89%
on
89%
On
89%
qu'on
89%
fait
88%
le
88%
Le
88%
pour
88%
Pour
88%
que
88%
ça
87%
famille
87%
Regarde
86%
mène
85%
et
84%
Et
84%
au
83%
du
83%
par
83%
nos
82%
sale
82%
ciel
81%
font
81%
toujours
81%
de
80%
parents
80%
en
79%
rejoindre
79%
ce
78%
un
78%
pas
77%
Pas
77%
prier
77%
ma
76%
si
76%
Couplet 1 | Outro Bientôt
74%
je
74%
j'irais
74%
les
74%
Les
74%
c'est
73%
j'suis
73%
J'suis
73%
Lamine
73%
p'tit
71%
dans
70%
cours
65%
derrière
65%
est
65%
avec
63%
comme
63%
elle
63%
milliers
63%
quatre
63%
sous
63%
étoiles
62%
Rimkus
61%
trop
61%
des
60%
maillot
60%
loin
58%
très
58%
Crête
57%
diner
57%
Pardonne-moi
57%
affaires
56%
chargée
56%
qu'je
56%
bizarre
55%
Savastano
55%
bébé
54%
mes
54%
nez
53%
va
53%
m'attends
51%
Qui
49%
qui
49%
deux
48%
mais
48%
doigts
47%
Vaillant
47%
vaillant
47%
désirer
45%
j'disparaitrais
45%
pédé
45%
Houdini
44%
tout
43%
bah
42%
l'instant
42%
s'fait
42%
d'péter
41%
J'ai
41%
j'ai
41%
Jai
41%
l'million
41%
j'réfléchis
40%
ou
40%
hall
39%
champ
36%
coin
36%
flanche
35%
j'arrive
34%
toute
34%
Couplet 2 Y'a
34%
Dis
33%
son
33%
chaussures
32%
d'bouche
32%
fais
32%
Malia
32%
plata
32%
qu'il
32%
réputations
31%
vers
31%
doré
30%
l'avion
30%
l'heure
30%
sauver
30%
aura
29%
cinq
29%
Cinq
29%
pété
29%
peut
29%
Souleymane
29%
tentations
29%
tête
29%
baltringues
28%
lundi
28%
mardi
28%
toutes
28%
Tu
28%
Champs-Élysées
27%
Évitons
27%
gérant
27%
l'argent
27%
piquent
27%
facile
26%
heures
26%
rien
26%
t'enlever
26%
tire
26%
déguisées
25%
peur
25%
s'lève
25%
Ceux
24%
parlent
24%
sont
24%
une
24%
vienne
24%
Di-Meh
23%
nous
23%
daronne
22%
d'facile
22%
fort
22%
fascine
21%
l'éclater
21%
Magnum
21%
ploton
21%
Black
20%
facon
20%
vrai
20%
cette
19%
Mekness
19%
Panther
19%
rêve
19%
Seychelles
19%
ton
19%
Tupac
19%
aux
18%
avoir
18%
bretelles
18%
brutal
18%
Destin
18%
Hey
18%
laisse-les
18%
mon
18%
père
18%
Quand
18%
remonté
18%
reveil
18%
357
17%
baise
17%
bests
17%
demain
17%
long
17%
Minuit
17%
rapplique
17%
plus
16%
volaille
16%
leurs
15%
tranquille
15%
vie-là
15%
vous
15%
après
14%
j'serais
14%
planter
14%
prof
14%
restent
14%
tard
14%
veux
14%
allez
13%
Intro Chady
13%
coups
13%
discuter
13%
Pont Élève
13%
fils
13%
grappling
13%
machin
13%
qu'ils
13%
s'échappe
13%
tropiques
13%
d'après
12%
dires
12%
dissipé
12%
donner
12%
mains
12%
prochain
12%
raconter
12%
s'appellera
12%
ans
11%
demandera
11%
j'vais
11%
prendra
11%
tof
11%
Zé Pequeno
11%
équipe
10%
gonflé
10%
albums
9%
500
7%
mendicité
7%
milles
7%
papier
7%
barreaux
6%
d'tout-par
4%
Oh oh oh
4%
l'sourie
2%
Aucun quiz correspondant
Distribution des résultats
% des personnes avec chaque résultat
Percentile par nombre de réponses
Votre historique - résultats
Vous n’avez pas pris ce quiz